00411nam a2200145Ia 4500003000400000008004100004040001600045082001500061100001800076245006400094260004600158300001000204650001600214650003500230GCL140319s9999 xx 000 0 eng d aGCL / cGCL04a617.3bM C1 aMCRAE, RONALD10aCLINICAL ORTHOPAEDIC EXAMINATION, 3RD ED. / cMCRAE, RONALD a[S.N] : bCHURCHILL LIVINGSTONE ، c1990 a276 P04aORTHOPEDICS04aBONE DICEASE- RADIO NUCLIDE IM